<?xml version="1.0" encoding="UTF-8"?>
<record
    xmlns:xsi="http://www.w3.org/2001/XMLSchema-instance"
    xsi:schemaLocation="http://www.loc.gov/MARC21/slim http://www.loc.gov/standards/marcxml/schema/MARC21slim.xsd"
    xmlns="http://www.loc.gov/MARC21/slim">

  <leader>03999nam a2200373 a 4500</leader>
  <controlfield tag="003">CHAP</controlfield>
  <controlfield tag="005">20250701103827.0</controlfield>
  <controlfield tag="007">ta</controlfield>
  <controlfield tag="008">220602s2024    mx o   frd    001 0 spa d</controlfield>
  <datafield tag="020" ind1=" " ind2=" ">
    <subfield code="a">978-607-625-106-5</subfield>
  </datafield>
  <datafield tag="040" ind1=" " ind2=" ">
    <subfield code="a">mxchpua</subfield>
    <subfield code="c">CHAP</subfield>
    <subfield code="e">rda</subfield>
  </datafield>
  <datafield tag="041" ind1=" " ind2=" ">
    <subfield code="a">spa</subfield>
    <subfield code="b">spa</subfield>
    <subfield code="f">spa</subfield>
    <subfield code="h">spa</subfield>
  </datafield>
  <datafield tag="050" ind1="1" ind2=" ">
    <subfield code="a">S584.4</subfield>
    <subfield code="b">.D53 2024</subfield>
  </datafield>
  <datafield tag="082" ind1=" " ind2=" ">
    <subfield code="2">20</subfield>
    <subfield code="a">C 668.60294</subfield>
    <subfield code="b">D53 2024</subfield>
  </datafield>
  <datafield tag="245" ind1="1" ind2="0">
    <subfield code="a">Diccionario de especialidades agroqu&#xED;micas 2024 /</subfield>
    <subfield code="c">coordinadora Magdalena Herrera M.</subfield>
  </datafield>
  <datafield tag="250" ind1=" " ind2=" ">
    <subfield code="a">34a edici&#xF3;n</subfield>
  </datafield>
  <datafield tag="264" ind1=" " ind2=" ">
    <subfield code="a">M&#xE9;xico :</subfield>
    <subfield code="b">PLM,</subfield>
    <subfield code="c">2024</subfield>
  </datafield>
  <datafield tag="300" ind1=" " ind2=" ">
    <subfield code="a">1v. (en varias paginaciones) :</subfield>
    <subfield code="b">tablas, fotos</subfield>
  </datafield>
  <datafield tag="336" ind1=" " ind2=" ">
    <subfield code="2">rdacontent</subfield>
    <subfield code="a">texto</subfield>
    <subfield code="b">txt</subfield>
  </datafield>
  <datafield tag="337" ind1=" " ind2=" ">
    <subfield code="2">rdamedia</subfield>
    <subfield code="a">no mediado</subfield>
    <subfield code="b">n</subfield>
  </datafield>
  <datafield tag="338" ind1=" " ind2=" ">
    <subfield code="2">rda</subfield>
    <subfield code="a">volumen</subfield>
    <subfield code="b">nc</subfield>
  </datafield>
  <datafield tag="505" ind1="0" ind2=" ">
    <subfield code="a">&#xCD;NDICES --
&#xCD;ndice general --
&#xCD;ndice de usos agr&#xED;colas --
&#xCD;ndice  de ingedientes activos --
&#xCD;ndice de cultivos --
DICCIONARIO DE PRODUCTOS --
SECCI&#xD3;N SEMILLAS --
Diccionario de semillas --
&#xCD;ndice de cultivos de semillas</subfield>
  </datafield>
  <datafield tag="520" ind1="2" ind2=" ">
    <subfield code="a">PLM ha cumplido, una vez m&#xE1;s, con su compromiso de recopilar, organizar y presentar la informaci&#xF3;n m&#xE1;s relevante y actual del mercado agr&#xED;cola, la nutrici&#xF3;n vegetal y las semillas dentro del inmenso campo de las ciencias agr&#xED;colas Este gran esfuerzo se ha consolidado, con enorme gusto, a trav&#xE9;s de la presente 34* edici&#xF3;n del Diccionario de Especialidades Agroqu&#xED;micas (DEAQ) 2024. los Desde sus or&#xED;genes, esta obra surgi&#xF3; con el prop&#xF3;sito tanto de resolver las necesidades informativas inherentes al manejo y uso de los productos agroqu&#xED;micos como de mantener actualizados a profesionales de la producci&#xF3;n agr&#xED;cola en M&#xE9;xico. Como en cada edici&#xF3;n, esta obra contiene el Diccionario de Productos y el Diccionario de Semillas, en los cuales los profesionales de la agricultura, de alimentos a horticultura, la ingenier&#xED;a forestal, agroindustrial y agroecolog&#xED;a, dispondr&#xE1;n de la informaci&#xF3;n m&#xE1;s reciente de los productos y semillas disponibles en el mercado mexicano enfocados a la producci&#xF3;n Quienes trabajamos en PLM lo hacemos con los m&#xE1;s altos est&#xE1;ndares de calidad para recuperar y estructurar toda esta informaci&#xF3;n en un volumen con el fin de apoyar a los profesionales de la producci&#xF3;n agr&#xED;cola de M&#xE9;xico en sus tareas del d&#xED;a a d&#xED;a. Adem&#xE1;s de los contenidos ya mencionados, esta nueva edici&#xF3;n del DEAQ cuenta con cuatro &#xED;ndices: General: Abarca los nombres comerciales de los diferentes productos agroqu&#xED;micos participantes en esta edici&#xF3;n. Usos agr&#xED;colas: Detalla el uso com&#xFA;n de los qu&#xED;micos en la agricultura. Ingredientes activos: Aborda los nombres gen&#xE9;ricos de los diferentes qu&#xED;micos agr&#xED;colas. Cultivos: Incluye los nombres de las diferentes variedades de cultivos agr&#xED;colas en los que se pueden Utilizar los productos descritos en esta edici&#xF3;n. Asimismo, la segunda secci&#xF3;n de este DEAQ est&#xE1; especializada en Semillas, y cuenta con la informaci&#xF3;n clave y m&#xE1;s confiable para su adquisici&#xF3;n, manejo y uso. Nuestros equipos editorial y cient&#xED;fico trabajan para contribuir positivamente en el desarrollo de la pr&#xE1;ctica profesional de quienes se remiten a PLM para consultar y solucionar sus dudas. Toda esta informaci&#xF3;n se encuentra a su alcance, tanto aqu&#xED; publicada como en nuestros canales digitales, ya sea a p&#xE1;gina http //wwwagroquimicos-organicosplm.com/ o bien en aplicaci&#xF3;n PLM Agroqu&#xED;micos (disponible para Android e i0S). PLM agradece una vez m&#xE1;s la confianza de los profesionales de la industria agr&#xED;cola con esta edici&#xF3;n del Diccionario de Especialidades Agroqu&#xED;micas (DEAQ).&#xA0;</subfield>
  </datafield>
  <datafield tag="650" ind1="1" ind2="3">
    <subfield code="a">Plaguicidas</subfield>
    <subfield code="2">atg</subfield>
    <subfield code="x">Diccionarios</subfield>
    <subfield code="9">87535</subfield>
  </datafield>
  <datafield tag="650" ind1="1" ind2="3">
    <subfield code="a">Fertilizantes</subfield>
    <subfield code="x">Diccionarios</subfield>
    <subfield code="2">atg</subfield>
    <subfield code="9">40470</subfield>
  </datafield>
  <datafield tag="650" ind1="1" ind2="3">
    <subfield code="a">Agroqu&#xED;micos</subfield>
    <subfield code="v">Diccionarios</subfield>
    <subfield code="2">atg</subfield>
    <subfield code="9">190738</subfield>
  </datafield>
  <datafield tag="650" ind1="1" ind2="3">
    <subfield code="a">Pesticides  </subfield>
    <subfield code="v">Dictionaries</subfield>
    <subfield code="2">atg</subfield>
    <subfield code="9">162989</subfield>
  </datafield>
  <datafield tag="650" ind1="1" ind2="3">
    <subfield code="a">Fertilizers  </subfield>
    <subfield code="v">Dictionaries</subfield>
    <subfield code="9">151083</subfield>
  </datafield>
  <datafield tag="650" ind1="1" ind2="3">
    <subfield code="a">Agrochemicals</subfield>
    <subfield code="v">Dictionaries</subfield>
    <subfield code="2">atg</subfield>
    <subfield code="9">190739</subfield>
  </datafield>
  <datafield tag="700" ind1="1" ind2=" ">
    <subfield code="a"> Herrera M., Magdalena</subfield>
    <subfield code="9">144886</subfield>
    <subfield code="e">coordinadora</subfield>
  </datafield>
  <datafield tag="901" ind1=" " ind2=" ">
    <subfield code="a">C 668.60294 D53 2024</subfield>
  </datafield>
  <datafield tag="902" ind1=" " ind2=" ">
    <subfield code="a">M</subfield>
  </datafield>
  <datafield tag="942" ind1=" " ind2=" ">
    <subfield code="c">LIBRO</subfield>
    <subfield code="2">ddc</subfield>
  </datafield>
  <datafield tag="999" ind1=" " ind2=" ">
    <subfield code="c">217208</subfield>
    <subfield code="d">217208</subfield>
  </datafield>
  <datafield tag="952" ind1=" " ind2=" ">
    <subfield code="0">0</subfield>
    <subfield code="1">0</subfield>
    <subfield code="2">ddc</subfield>
    <subfield code="4">0</subfield>
    <subfield code="5">5</subfield>
    <subfield code="7">0</subfield>
    <subfield code="8">C</subfield>
    <subfield code="a">IA_</subfield>
    <subfield code="b">IA_</subfield>
    <subfield code="d">2025-06-24</subfield>
    <subfield code="e">Donaci&#xF3;n</subfield>
    <subfield code="i">Donado por Biblioteca Central</subfield>
    <subfield code="l">0</subfield>
    <subfield code="o">C 668.60294 D53 2024</subfield>
    <subfield code="p">1103002791</subfield>
    <subfield code="r">2022-06-02 00:00:00</subfield>
    <subfield code="t">Ej. 2</subfield>
    <subfield code="y">LIBRO</subfield>
  </datafield>
  <datafield tag="952" ind1=" " ind2=" ">
    <subfield code="0">0</subfield>
    <subfield code="1">0</subfield>
    <subfield code="2">ddc</subfield>
    <subfield code="4">0</subfield>
    <subfield code="5">1</subfield>
    <subfield code="7">0</subfield>
    <subfield code="8">C</subfield>
    <subfield code="a">IA_</subfield>
    <subfield code="b">IA_</subfield>
    <subfield code="d">2025-06-24</subfield>
    <subfield code="e">Donaci&#xF3;n</subfield>
    <subfield code="i">Donado por Biblioteca Central</subfield>
    <subfield code="l">0</subfield>
    <subfield code="o">C 668.60294 D53 2024</subfield>
    <subfield code="p">1103002790</subfield>
    <subfield code="r">2022-06-02 00:00:00</subfield>
    <subfield code="t">Ej. 1</subfield>
    <subfield code="y">LIBRO</subfield>
  </datafield>
  <datafield tag="952" ind1=" " ind2=" ">
    <subfield code="0">0</subfield>
    <subfield code="1">0</subfield>
    <subfield code="2">ddc</subfield>
    <subfield code="4">0</subfield>
    <subfield code="5">1</subfield>
    <subfield code="7">0</subfield>
    <subfield code="8">C</subfield>
    <subfield code="a">Z</subfield>
    <subfield code="b">Z</subfield>
    <subfield code="d">2025-06-24</subfield>
    <subfield code="e">Donaci&#xF3;n</subfield>
    <subfield code="i">Donaci&#xF3;n</subfield>
    <subfield code="l">0</subfield>
    <subfield code="o">C 668.60294 D53 2024</subfield>
    <subfield code="p">5103000025</subfield>
    <subfield code="r">2026-04-15 14:18:22</subfield>
    <subfield code="t">Ej.1</subfield>
    <subfield code="w">2026-04-15</subfield>
    <subfield code="y">LIBRO</subfield>
  </datafield>
</record>
